Statistics for Geographical lines

Click here to take the quiz!

General Stats

  • This quiz has been taken 23 times
  • The average score is 4 of 12

Answer Stats

HintAnswer% Correct
This imaginary line separates today and tomorrowInternational Date Line
81%
The minimum threshold of income deemed adequate in a particular countryPoverty Line
71%
The intersection of a fractural plane in the Earth's crust with the ground surface (San Andreas e.g.)Fault Line
67%
The northern limit of slave owning states before abolition, between Pennsylvania & MarylandMason–Dixon Line
57%
Where the land meets the seaCoastline
57%
Line of concrete fortifications built by France along its eastern frontier in the 1930sMaginot Line
38%
A line on a map joining points of equal height above or below sea levelContour Line
14%
Volcanic island chain in Gulf of Guinea, shares its name with an African countryCameroon Line
14%
A line that roughly separates the rich north from the poor southBrandt Line
5%
The boundary between Earth's atmosphere & outer spaceKármán line
5%
Line separating English speaking and Welsh speaking Wales, form Norse word for 'frontier'Landsker Line
5%
A line created as a demarcation between India and PakistanRadcliffe Line
0%

Score Distribution

Percentile by Number Answered

Percent of People with Each Score

Your Score History

You have not taken this quiz